| 000 | 00673cam a2200217 a 4500 | ||
|---|---|---|---|
| 001 | 000012977 | ||
| 005 | 20260324092932.0 | ||
| 008 | 890406s1988 ve 001 0 spa | ||
| 040 |
_aDO-SdBNP _bspa _cDLC _dBNPHU |
||
| 082 |
_a365.87 _bG633p |
||
| 100 | 1 |
_aGómez Grillo, Elio. _d1925- _929922 |
|
| 245 | 1 | 4 |
_aLas penas y las carceles / _cElio Gómez Grillo. |
| 260 |
_aCaracas, (Venezuela) : _bEmpresa El Cojo, _c1988. |
||
| 300 |
_a332 p. ; _c23 cm. |
||
| 590 | _aEjemplar autobiografiado por el autor. | ||
| 650 | 4 |
_aPrisiones _zVenezuela _929918 |
|
| 650 | 0 |
_aPrisiones _917091 |
|
| 650 | 4 |
_aCastigo _929923 |
|
| 910 | _aCatalogación por copia / LC | ||
| 049 | _aBNGR | ||
| 999 |
_c12624 _d12624 |
||